Webster"s guide to Business Correspondence

Uloženo v:
Podrobná bibliografie
Médium: Sách giấy
Jazyk:English
Vydáno: New York : McGraw-Hill , 1988
Tagy: Přidat tag
Žádné tagy, Buďte první, kdo otaguje tento záznam!
Thư viện lưu trữ: Thư viện Trường Đại học Đà Lạt
LEADER 00542nam a2200241 4500
001 DLU020015815
005 ##10/17/2000
020 # # |a 978- 
041 # # |a eng 
082 # # |a 808.066  |b WEB 
090 # # |a 808.066  |b WEB 
245 # # |a Webster"s guide to Business Correspondence 
260 # # |a New York :  |b McGraw-Hill ,  |c 1988 
300 # # |a 400 tr.;   |c 23 cm. 
992 # # |a 22000 
994 # # |a DLU 
900 # # |a False 
911 # # |a Administrator 
925 # # |a G 
926 # # |a A 
927 # # |a SH 
980 # # |a Thư viện Trường Đại học Đà Lạt